<?xml version="1.0" encoding="UTF-8"?>
<record
    xmlns:xsi="http://www.w3.org/2001/XMLSchema-instance"
    xsi:schemaLocation="http://www.loc.gov/MARC21/slim http://www.loc.gov/standards/marcxml/schema/MARC21slim.xsd"
    xmlns="http://www.loc.gov/MARC21/slim">

  <leader>00838nam a2200217 i 4500</leader>
  <controlfield tag="001">22529</controlfield>
  <controlfield tag="003">ES-MaACL</controlfield>
  <controlfield tag="005">20230906152719.0</controlfield>
  <controlfield tag="007">t|</controlfield>
  <controlfield tag="008">021203s1932    sp           ||||1| spa d</controlfield>
  <datafield tag="100" ind1="1" ind2=" ">
    <subfield code="a">Alonso Getino, Luis G.</subfield>
    <subfield code="9">20331</subfield>
  </datafield>
  <datafield tag="245" ind1="1" ind2="0">
    <subfield code="a">Incendios de conventos en Espa&#xF1;a y supresi&#xF3;n de misiones y Colegios espa&#xF1;oles en ultramar / </subfield>
    <subfield code="c">por Luis G. Alonso Getino.</subfield>
  </datafield>
  <datafield tag="250" ind1=" " ind2=" ">
    <subfield code="a">6&#xAA; ed.</subfield>
  </datafield>
  <datafield tag="260" ind1=" " ind2=" ">
    <subfield code="a">Madrid : </subfield>
    <subfield code="b">[s.n., </subfield>
    <subfield code="c">1932] (</subfield>
    <subfield code="f">Imp. La Rafa)</subfield>
  </datafield>
  <datafield tag="300" ind1=" " ind2=" ">
    <subfield code="a">132 p., 4 l&#xE1;m. : </subfield>
    <subfield code="b">il., 4 map. ; </subfield>
    <subfield code="c">22 cm.</subfield>
  </datafield>
  <datafield tag="650" ind1=" " ind2="4">
    <subfield code="a">Anticlericalismo-</subfield>
    <subfield code="z">Espa&#xF1;a-</subfield>
    <subfield code="y">1931-1939.</subfield>
    <subfield code="9">164143</subfield>
  </datafield>
  <datafield tag="650" ind1=" " ind2="4">
    <subfield code="a">&#xD3;rdenes y congregaciones religiosas-</subfield>
    <subfield code="z">Espa&#xF1;a-</subfield>
    <subfield code="y">1931-1939.</subfield>
    <subfield code="9">164144</subfield>
  </datafield>
  <datafield tag="650" ind1=" " ind2="4">
    <subfield code="a">Persecuciones religiosas-</subfield>
    <subfield code="z">Espa&#xF1;a-</subfield>
    <subfield code="y">1931-1939.</subfield>
    <subfield code="9">164145</subfield>
  </datafield>
  <datafield tag="650" ind1=" " ind2="4">
    <subfield code="a">Misiones espa&#xF1;olas-</subfield>
    <subfield code="x">Historia.</subfield>
    <subfield code="9">158032</subfield>
  </datafield>
  <datafield tag="852" ind1=" " ind2=" ">
    <subfield code="a">ES-MaACL</subfield>
    <subfield code="j">A-1055 </subfield>
    <subfield code="b">R.11131</subfield>
  </datafield>
  <datafield tag="999" ind1=" " ind2=" ">
    <subfield code="c">22529</subfield>
    <subfield code="d">22529</subfield>
  </datafield>
  <datafield tag="952" ind1=" " ind2=" ">
    <subfield code="0">0</subfield>
    <subfield code="1">0</subfield>
    <subfield code="4">0</subfield>
    <subfield code="7">0</subfield>
    <subfield code="a">ATENEOM</subfield>
    <subfield code="b">ATENEOM</subfield>
    <subfield code="c">SPP1</subfield>
    <subfield code="d">2008-01-17</subfield>
    <subfield code="e">SC</subfield>
    <subfield code="l">0</subfield>
    <subfield code="o">A-1055</subfield>
    <subfield code="p">1023192</subfield>
    <subfield code="r">2023-02-23 00:00:00</subfield>
    <subfield code="w">2023-02-23</subfield>
    <subfield code="y">MONOGRAFIA</subfield>
  </datafield>
</record>
